| 000 | 00535nam a22001817a 4500 | ||
|---|---|---|---|
| 008 | 230707b |||||||| |||| 00| 0 eng d | ||
| 020 | _a9788126317127 | ||
| 040 |
_aNational Science Library _cNational Science Library |
||
| 080 |
_a82-311.6 _bP6 |
||
| 100 | _aChattopadhyaya, Tapan Mohan | ||
| 245 | _aपलासी का युध्द | ||
| 246 | _aPalasi ka yuddha | ||
| 260 |
_aNew Delhi: _bBharatiya Jnanpith, _c2009 |
||
| 300 | _a178p. | ||
| 650 | _aHindi literature | ||
| 653 | _aHistorical novel | ||
| 942 |
_2udc _cHBK |
||
| 999 |
_c50862 _d50862 |
||